00486nam a2200181 a 450000100060000000300090000600800410001502000150005604000280007108200200009910000210011924500350014026000300017530000110020549000470021665000190026365000220028223211CO-ViMGA141112s2004 ck r 000 u spa d a9584209930 aCO-ViMGAbspacCO-ViMGA aU861.44 B252am11 aBenedetti, Mario10aEl Amor, las mujeres y la vida aColombia : bEspasa Calpe a192 p. aBiblioteca HispanoAméricana del siglo XX14aPOESIA AMOROSA14aPOESIA URUGUAYA